Política exterior de los Estados Unidos para el decenio que comienza en 1970 (Record no. 113421)

MARC details
000 -LEADER
campo de control de longitud fija 00734nam a2200181 4500
001 - NÚMERO DE CONTROL
campo de control 113421
003 - IDENTIFICADOR DE NÚMERO DE CONTROL
campo de control ES-MaACL
005 - FECHA Y HORA DE LA ÚLTIMA TRANSACCIÓN
campo de control 20250830212206.0
007 - CAMPO FIJO DE DESCRIPCIÓN FÍSICA--INFORMACIÓN GENERAL
campo de control de longitud fija t|
008 - DATOS DE LONGITUD FIJA--INFORMACIÓN GENERAL
campo de control de longitud fija 061121s1970 sp r ||||1| spa d
100 1# - ENTRADA PRINCIPAL--NOMBRE DE PERSONA
Nombre de persona Nixon, Richard M.
9 (RLIN) 85786
245 10 - MENCIÓN DEL TÍTULO
Título Política exterior de los Estados Unidos para el decenio que comienza en 1970
Resto del título : una nueva estrategia en pro de la paz : informe del presidente Richard Nixon al Congreso de los Estados Unidos, febrero 18 de 1970 /
Mención de responsabilidad, etc. Richard M. Nixon.
260 ## - PUBLICACIÓN, DISTRIBUCIÓN, ETC.
Lugar de publicación, distribución, etc. Madrid :
Nombre del editor, distribuidor, etc. Servicio de Información de los Estados Unidos,
Fecha de publicación, distribución, etc. 1970.
300 ## - DESCRIPCIÓN FÍSICA
Extensión 80 p. ;
Dimensiones 27 cm.
710 2# - ENTRADA AGREGADA--NOMBRE DE ENTIDAD CORPORATIVA
Nombre de entidad corporativa o nombre de jurisdicción como elemento de entrada United States Information Service
9 (RLIN) 4026
852 ## - LOCALIZACIÓN
Ubicación ES-MaACL
Número de control de estantería C-41031
Sublocalización o colección R.73190
Holdings
Estatus retirado Estado de pérdida Estado de daño No para préstamo Biblioteca de origen Biblioteca actual Ubicación en estantería Fecha de adquisición Fuente de adquisición Total de préstamos Signatura topográfica completa Código de barras Visto por última vez Precio de reemplazo Tipo de ítem Koha
        Biblioteca del Ateneo de Madrid Biblioteca del Ateneo de Madrid Depósito 2 17/01/2008     C-41031 1118296 23/02/2023 23/02/2023 Libro impreso